000 01743nam0a2200397 4500
001 RU\NLR\bibl\1450735
005 20260405194345.0
010 _a978-5-904241-10-0
_9300
021 _aRU
_b2009-84911
_95340
035 _a(nilc)RSL-KNO-004401730
035 _a(NLR Aleph) 001442554
090 _a1472222
_c1472222
100 _a20091021d2009 |||y0rusy50 ca
101 0 _arus
_aeng
102 _aRU
105 _aa zzzz|||||
200 1 _aАнглийский для теологии
_dEnglish for theology
_eкнига для чтения и развития навыков устной речи
_fЛ. В. Крылова
_zeng
210 _aСтаврополь
_cИздательский центр Ставропольской правосл. Духовной Семинарии
_d2009
215 _a123 с.
_cил., табл.
_d20
300 _aАвт. также на англ. яз.: L.V. Krylova
320 _aБиблиогр.: с. 123
510 0 _6z55790
_aEnglish for theology
_zeng
606 1 _aАнглийский язык
_xУчебные издания для богословов
_92543221
_3RU\NLR\AUTH\661505455
686 _aШ143.21-944:Э
_2rubbk
686 _aШ143.21-937.703.2
_2rubbk
686 1 _aШ143.21-93рус329.2
700 1 _4070
_8rus
_7ca
_aКрылова
_bЛ. В.
_cпреподаватель, филология
_gЛюдмила В.
_3RU\NLR\auth\7786076
_969004
790 1 _4070
_8eng
_7ba
_aKrylova
_bL. V.
_cпреподаватель, филология
_gLjudmila V.
_3RU\NLR\auth\7786078
_969006
801 0 _aRU
_bРКП
_c20091021
_grcr
801 1 _aRU
_bРГБ
_c20091021
801 2 _aRU
_bNLR
_c20091210
_grcr
942 _cBOOK
980 _aNB
980 _aNBR